000 00346nam a2200145Ia 4500
008 150201s2010 xx 000 0 und d
082 _a617
_bC10B
100 _aBHAT, M. SRIRAM
245 _aCLINICAL METHODS IN SURGERY
250 _a1ST
260 _bJAYPEE
_aDELHI
_c2010
300 _a1-718
650 _aGENERAL SURGERY
942 _2ddc
_cBK
_016
999 _c1714
_d1714